| 000 | 00613nam a22002057a 4500 | ||
|---|---|---|---|
| 999 |
_c4125 _d4125 |
||
| 003 | GBCCL | ||
| 005 | 20241126110511.0 | ||
| 008 | 180112b xxu||||| |||| 00| 0 eng d | ||
| 020 | _a0671420305 | ||
| 040 | _cgbc | ||
| 082 |
_a207.761485 _bHEN |
||
| 100 |
_aHendrickson, Paul _97879 |
||
| 245 |
_aSeminary: _bA search / _cPaul Hendrickson |
||
| 260 |
_aNew York: _bSummit Books, _c1983 |
||
| 300 |
_a330 p.; _c23 cm. |
||
| 650 |
_aHendrickson, Paul _97879 |
||
| 650 |
_aEx-seminarians _vBiography _zUnited States _97880 |
||
| 650 |
_aSt. Joseph's Preparatory Seminary (Russell County, Ala) _97881 |
||
| 942 |
_2ddc _cBK |
||